00650nam a2200205Ia 4500003000900000008004100009040001600050080001600066100002000082245004900102260003500151300001600186650002900202650002600231650002900257700001900286942000700305999001500312952011700327IN-BaIIA211028s9999 xx 000 0 eng d cIIA Library a535.33bWAL aWalker, S94989 0aSpectroscopybvol. 2cS. Walker and H. Straw aLondonbChapman and Hallc1962 axxvi, 386p. aDiatomic molecules92369 aInfrared Spectroscopy aRaman Spectroscopy95172 aStraw, H94992 cBK c3788d3788 00104070aBANbBANcGENd1971-07-24g63.00l0o535.33/ WALp4230r2021-11-05v63.00w1971-07-24yBKGRs. 63.00